OP Ships - Statistics

General Stats
  • This quiz has been taken 5 times
  • The average score is 12 of 24
Answer Stats
Picture Answer % Correct
Going Merry
80%
Moby Dick
80%
Oro Jackson
80%
Red Force
80%
Thousand Sunny
80%
Noah
60%
Saber of Xebec
60%
Thriller Bark
60%
Victoria Punk
60%
Going Luffy-Senpai
40%
Grudge Dolph
40%
Hitsugibune
40%
Island Ship
40%
Liberal Hind
40%
Maxim
40%
Nostra Castello
40%
Numancia Flamingo
40%
Perfume Yuda
40%
Polar Tang
40%
Sexy Foxy
40%
Sleeping White Horse of the Forest
40%
Snapper Head
40%
Stay Tune
40%
Jewelry Margherita
20%
No matching quizzes found
Score Distribution
Percent of People with Each Score
Percentile by Number Answered
Your Score History
You have not taken this quiz